[Event "LITOMYSL OPEN 2019 A - FIDE open"]
[Site "Litomysl, Domov mladeze VOSP a"]
[Date "2019.12.29"]
[Round "6"]
[White "Starosciak, Szymon"]
[Black "Sabol, Marian"]
[Result "0-1"]
[WhiteElo "1729"]
[BlackElo "2278"]
[PlyCount "128"]
[EventDate "2019.12.26"]

1. e4 g6 2. d4 Nf6 3. Nc3 d5 4. e5 Nh5 5. Be2 Ng7 6. Bh6 c6 7. f4 Qb6 8. Na4
Qa5+ 9. c3 Nd7 10. b4 Qc7 11. Nh3 Nf5 12. Bxf8 Nxf8 13. Qd3 a5 14. b5 cxb5 15.
Qxb5+ Bd7 16. Qb6 Rc8 17. Qxc7 Rxc7 18. Nc5 Ne3 19. Kf2 Ng4+ 20. Bxg4 Bxg4 21.
Rab1 Ne6 22. Rxb7 Rxb7 23. Nxb7 Bxh3 24. gxh3 Kd7 25. Rb1 Rc8 26. Nxa5 Rxc3 27.
Rb7+ Nc7 28. Rb2 Rxh3 29. Kg2 Rd3 30. Nb3 Ne6 31. Rf2 Kd8 32. f5 Nxd4 33. fxg6
fxg6 34. Rf8+ Kc7 35. Nxd4 Rxd4 36. Rf7 Kd7 37. Rxh7 Rd2+ 38. Kg3 Rxa2 39. Rg7
Re2 40. Kf4 Rxh2 41. Rxg6 Re2 42. Ra6 e6 43. Ra7+ Ke8 44. Ra4 Kf7 45. Rb4 Kg6
46. Ra4 Re1 47. Rb4 Rf1+ 48. Ke3 Kf5 49. Rh4 Kxe5 50. Rh5+ Rf5 51. Rh4 d4+ 52.
Kd3 Rf3+ 53. Kd2 Kd5 54. Rg4 e5 55. Rg5 Rh3 56. Rf5 Ke4 57. Rf2 Ra3 58. Re2+
Kd5 59. Kc1 e4 60. Rh2 e3 61. Rh5+ Kc4 62. Kb2 Rb3+ 63. Kc2 d3+ 64. Kc1 d2+ 0-1

[Event "LITOMYSL OPEN 2019 A - FIDE open"]
[Site "Litomysl, Domov mladeze VOSP a"]
[Date "2019.12.29"]
[Round "6"]
[White "Brozka, Karel"]
[Black "Vorsilka, Jiri"]
[Result "1-0"]
[WhiteElo "1918"]
[BlackElo "1584"]
[PlyCount "57"]
[EventDate "2019.12.26"]

1. d4 d5 2. Nf3 Nf6 3. c4 e6 4. Nc3 Be7 5. Bg5 Nbd7 6. cxd5 exd5 7. e3 O-O 8.
Bd3 Nb6 9. Qc2 h6 10. Bh4 Be6 11. O-O Rc8 12. Rac1 c5 13. dxc5 Rxc5 14. Nd4 Nc4
15. Qe2 Ne5 16. Bb1 Bg4 17. Qc2 Ng6 18. Bg3 Ne4 19. Qd3 Nxg3 20. hxg3 f5 21.
Ne6 Ne5 22. Qd4 Qd6 23. Nxc5 Nf3+ 24. gxf3 Bxf3 25. Qf4 Qxf4 26. exf4 g5 27.
Nd7 Rf7 28. Ne5 Rg7 29. Nxf3 1-0

[Event "LITOMYSL OPEN 2019 A - FIDE open"]
[Site "Litomysl, Domov mladeze VOSP a"]
[Date "2019.12.29"]
[Round "6"]
[White "Nespor, Ivan"]
[Black "Jakl, Ales"]
[Result "0-1"]
[WhiteElo "1715"]
[BlackElo "2018"]
[PlyCount "76"]
[EventDate "2019.12.26"]

1. Nf3 Nf6 2. c4 g6 3. Nc3 d5 4. d4 Bg7 5. cxd5 Nxd5 6. e4 Nxc3 7. bxc3 c5 8.
Bb5+ Bd7 9. Bxd7+ Qxd7 10. O-O cxd4 11. cxd4 Nc6 12. Be3 O-O 13. Qa4 Qg4 14.
Nd2 Qh5 15. Rab1 Qa5 16. Qxa5 Nxa5 17. Rfc1 Rac8 18. d5 b6 19. Kf1 Rfd8 20. Ke2
Kf8 21. Kd3 e6 22. Rxc8 Rxc8 23. Bd4 Bxd4 24. Kxd4 Rc2 25. Kd3 Rxa2 26. Rc1
Rxd2+ 27. Kxd2 Nb3+ 28. Kc2 Nxc1 29. dxe6 Ne2 30. exf7 Kxf7 31. Kb3 Ke6 32. Kc4
a6 33. g3 Ng1 34. f4 h5 35. Kd3 b5 36. Ke3 b4 37. Kf2 Nh3+ 38. Kg2 b3 0-1

[Event "LITOMYSL OPEN 2019 A - FIDE open"]
[Site "Litomysl, Domov mladeze VOSP a"]
[Date "2019.12.29"]
[Round "6"]
[White "Bouska, Jiri"]
[Black "Diviak, Rudolf"]
[Result "1-0"]
[WhiteElo "1491"]
[BlackElo "1766"]
[PlyCount "61"]
[EventDate "2019.12.26"]

1. e4 d6 2. d4 g6 3. f4 Bg7 4. Nf3 Bg4 5. Bc4 Nc6 6. Bxf7+ Kf8 7. Bxg8 Rxg8 8.
c3 e6 9. O-O Ke8 10. h3 Bxf3 11. Qxf3 Ne7 12. Na3 Rf8 13. Be3 Rf7 14. Nc2 Kf8
15. Qg4 Qc8 16. h4 Kg8 17. h5 gxh5 18. Qxh5 Qd7 19. Rf3 Ng6 20. f5 exf5 21.
exf5 Ne7 22. Raf1 Qa4 23. Nb4 a5 24. Nd5 Re8 25. f6 Ng6 26. fxg7 Rxf3 27. Qxf3
Kxg7 28. Qf7+ Kh8 29. Bg5 Rg8 30. Bf6+ Rg7 31. Bxg7# 1-0

[Event "LITOMYSL OPEN 2019 A - FIDE open"]
[Site "Litomysl, Domov mladeze VOSP a"]
[Date "2019.12.29"]
[Round "6"]
[White "Krzyzosiak, Anna"]
[Black "Macek, Ondrej"]
[Result "0-1"]
[WhiteElo "1590"]
[BlackElo "1934"]
[PlyCount "112"]
[EventDate "2019.12.26"]

1. e4 c6 2. d4 d5 3. Nc3 dxe4 4. Nxe4 Bf5 5. Ng3 Bg6 6. h4 h6 7. h5 Bh7 8. Nf3
Nd7 9. Bd3 Bxd3 10. Qxd3 Ngf6 11. Bf4 Qa5+ 12. Bd2 Qc7 13. O-O-O e6 14. Ne4
Nxe4 15. Qxe4 Nf6 16. Qe2 Bd6 17. g3 O-O-O 18. c4 Qe7 19. c5 Bc7 20. b4 a6 21.
a4 Nd5 22. b5 axb5 23. axb5 cxb5 24. Qxb5 Qd7 25. Qxd7+ Kxd7 26. Kc2 f6 27.
Rhe1 Ra8 28. Ra1 b6 29. Kb3 Rhb8 30. Kc4 Rc8 31. Kb5 bxc5 32. dxc5 Rab8+ 33.
Kc4 Bb6 34. Re2 Bxc5 35. Nd4 Bb4+ 36. Kd3 Bxd2 37. Kxd2 Rb2+ 38. Ke1 Rxe2+ 39.
Kxe2 Ke7 40. Ra6 Rc4 41. Ra7+ Nc7 42. Kd3 Rc1 43. Kd2 Rc5 44. g4 Kd6 45. f4 Rd5
46. Kc3 Rxd4 47. Rxc7 Kxc7 48. Kxd4 Kd6 49. f5 e5+ 50. Kc4 Kc6 51. Kc3 Kc5 52.
Kd3 Kd5 53. Ke3 e4 54. Ke2 Kd4 55. Kd2 e3+ 56. Ke2 Ke4 0-1

[Event "LITOMYSL OPEN 2019 A - FIDE open"]
[Site "Litomysl, Domov mladeze VOSP a"]
[Date "2019.12.30"]
[Round "7"]
[White "Rokos, Filip"]
[Black "Khulapov, Vyacheslav"]
[Result "1-0"]
[WhiteElo "2003"]
[BlackElo "2065"]
[PlyCount "81"]
[EventDate "2019.12.26"]

1. e4 d5 2. exd5 Nf6 3. d4 Nxd5 4. Nf3 g6 5. c4 Nb6 6. a4 Bg7 7. a5 N6d7 8. Nc3
O-O 9. Be2 c5 10. d5 Ne5 11. Be3 Na6 12. O-O Ng4 13. Bf4 Nh6 14. Qd2 Nf5 15.
Rfd1 Nd6 16. Bh6 Re8 17. Bxg7 Kxg7 18. Ng5 Bf5 19. f3 Bd7 20. Nce4 f6 21. Qc3
Qc7 22. Nxd6 exd6 23. Ne4 Re5 24. Nxf6 Kf7 25. Ne4 Rae8 26. Bd3 Nb4 27. Re1 h6
28. f4 Rf5 29. Rf1 Nxd3 30. Qxd3 Kg8 31. a6 b5 32. b3 b4 33. Rae1 Rff8 34. Ng3
Kf7 35. f5 g5 36. f6 Rh8 37. Rxe8 Bxe8 38. Nf5 Bd7 39. Ne7 Ke8 40. Qg6+ Kd8 41.
Qg7 1-0

[Event "LITOMYSL OPEN 2019 A - FIDE open"]
[Site "Litomysl, Domov mladeze VOSP a"]
[Date "2019.12.30"]
[Round "7"]
[White "Toman, Jan"]
[Black "Tyutyunnikov, Alexey"]
[Result "1/2-1/2"]
[WhiteElo "2091"]
[BlackElo "2292"]
[PlyCount "51"]
[EventDate "2019.12.26"]

1. d4 Nf6 2. c4 e6 3. Nf3 Be7 4. Nc3 d5 5. Bg5 h6 6. Bh4 O-O 7. e3 b6 8. Rc1
Bb7 9. Bxf6 Bxf6 10. cxd5 exd5 11. Bd3 c6 12. O-O Na6 13. Ne5 Bxe5 14. dxe5 Nc5
15. Bb1 a5 16. f4 Ba6 17. Rf3 f6 18. exf6 Rxf6 19. Rg3 Ra7 20. a3 d4 21. exd4
Ne6 22. d5 Nxf4 23. dxc6 Qxd1+ 24. Rxd1 Rxc6 25. Rf3 g5 26. Rd8+ 1/2-1/2

[Event "LITOMYSL OPEN 2019 A - FIDE open"]
[Site "Litomysl, Domov mladeze VOSP a"]
[Date "2019.12.30"]
[Round "7"]
[White "Zerebiec, Maurycy"]
[Black "Svanda, Ondrej"]
[Result "0-1"]
[WhiteElo "1983"]
[BlackElo "2258"]
[Annotator "Stanice"]
[PlyCount "174"]
[EventDate "2019.12.26"]

1. d4 Nf6 2. c3 g6 3. f4 Bg7 4. Nf3 O-O 5. e3 b6 6. Bd3 d5 7. Qe2 c5 8. O-O Bb7
9. Nbd2 Nbd7 10. Kh1 Qc7 11. Rg1 Ne4 12. g4 e6 13. Nf1 f6 14. g5 fxg5 15. Nxg5
Nxg5 16. Rxg5 Bh6 17. Rg2 Nf6 18. Nd2 Ne4 19. Nf3 Rf5 20. Nh4 Rf6 21. Bd2 Raf8
22. Rag1 Bg7 23. Be1 Qd6 24. Qd1 Bc6 25. Be2 Kh8 26. Nf3 Rf5 27. h4 Qd7 28. Ng5
Nxg5 29. hxg5 Bb5 30. Bg4 R5f7 31. Rh2 Kg8 32. Qf3 Re8 33. Qd1 a5 34. Rg3 Bf8
35. Qc2 Rg7 36. b3 cxd4 37. exd4 Bd6 38. Bd2 Qc7 39. Rf3 Rf7 40. Rhf2 Kg7 41.
Kg1 Qb8 $11 42. Rh3 Kg8 43. Rhf3 Kg7 44. Qd1 Qc7 45. Qe1 Bd7 46. Qc1 Ref8 47.
c4 dxc4 48. bxc4 e5 49. Bxd7 Qxd7 50. dxe5 Bxe5 51. Bc3 Bxc3 52. Qxc3+ Kg8 53.
c5 Rc8 54. Qb3 bxc5 55. Qc3 a4 56. Qc4 Qd4 57. Qe6 Qd7 58. Qc4 Qd4 59. Qe6 Rb8
60. Kg2 Rb2 61. Rxb2 Qxb2+ 62. Kg3 Qd4 63. Kg4 Kg7 64. Qc6 Qg1+ 65. Rg3 Qd1+
66. Rf3 Qd4 67. Qb5 Re7 68. Rd3 Qb4 69. Qa6 Rf7 70. Qd6 Qe4 71. Qe5+ Qxe5 72.
fxe5 Rc7 73. Kf4 Kf7 74. Ke4 Ke6 75. Rd6+ Ke7 76. Kd3 c4+ 77. Kc3 Rc5 78. Kd4
c3 79. Kxc5 c2 80. Kd5 c1=Q 81. Re6+ Kd7 82. Rf6 Qxg5 83. Rf7+ Kc8 84. Rxh7
Qd2+ 85. Ke6 Qxa2+ 86. Kf6 Qf2+ 87. Kxg6 Qc2+ 0-1

[Event "LITOMYSL OPEN 2019 A - FIDE open"]
[Site "Litomysl, Domov mladeze VOSP a"]
[Date "2019.12.30"]
[Round "7"]
[White "Sabol, Marian"]
[Black "Macek, Ondrej"]
[Result "1-0"]
[WhiteElo "2278"]
[BlackElo "1934"]
[Annotator "Stanice"]
[PlyCount "113"]
[EventDate "2019.12.26"]

1. d4 Nf6 2. Nf3 d5 3. c4 e6 4. g3 Nbd7 5. Bg2 c6 6. O-O Be7 7. b3 O-O 8. Nc3
b6 9. Bb2 Bb7 10. Re1 Rc8 11. e3 c5 12. cxd5 Nxd5 13. Nxd5 exd5 14. Rc1 c4 15.
bxc4 dxc4 16. e4 b5 17. d5 Nc5 18. Qd4 f6 19. Bf1 a5 20. Rcd1 Na4 21. d6 Qxd6
22. Qxd6 Bxd6 23. Rxd6 Nxb2 24. Rb6 Bc6 25. Nd4 Bd7 26. Nxb5 Bxb5 27. Rxb5 c3
28. Rxa5 c2 29. Rc1 Rfd8 30. Rd5 Rxd5 31. exd5 Kf7 32. f4 Ke7 33. Kf2 Kd6 34.
Ke2 Kxd5 35. Kd2 Nc4+ 36. Bxc4+ Rxc4 37. Rxc2 Ra4 38. Kc3 h5 39. Kb3 Ra7 40. a4
h4 41. Kb4 hxg3 42. hxg3 Rf7 43. Kc3 Ke4 44. Kc4 Rc7+ 45. Kb3 Rb7+ 46. Ka3 g5
47. fxg5 fxg5 48. a5 Kd4 49. Rb2 Rc7 50. Rb4+ Kc5 51. Ka4 Rg7 52. a6 g4 53. Ka5
Rg8 54. a7 Ra8 55. Ka6 Kc6 56. Rb8 Rxb8 57. axb8=Q 1-0

[Event "LITOMYSL OPEN 2019 A - FIDE open"]
[Site "Litomysl, Domov mladeze VOSP a"]
[Date "2019.12.30"]
[Round "7"]
[White "Jakl, Ales"]
[Black "Brozka, Karel"]
[Result "1-0"]
[WhiteElo "2018"]
[BlackElo "1918"]
[PlyCount "69"]
[EventDate "2019.12.26"]

1. Nf3 Nf6 2. g3 d5 3. Bg2 c5 4. d3 Nc6 5. Nbd2 e6 6. e4 Be7 7. O-O O-O 8. Re1
b6 9. e5 Nd7 10. Nf1 Bb7 11. h4 Qc7 12. Bf4 b5 13. Bh3 Rfe8 14. c3 c4 15. d4 b4
16. Ne3 Qa5 17. Qd2 Rab8 18. Bg5 bxc3 19. bxc3 Ba6 20. Bxe7 Nxe7 21. Ng5 Nf8
22. Ng4 h6 23. Nf6+ gxf6 24. exf6 Rb7 25. Nf3 Kh7 26. fxe7 Rbxe7 27. Re5 Ng6
28. Rh5 Rh8 29. Rxh6+ Kg7 30. Rxh8 Kxh8 31. Qh6+ Kg8 32. h5 Nh8 33. Ng5 f6 34.
Bxe6+ Rxe6 35. Nxe6 1-0

[Event "LITOMYSL OPEN 2019 A - FIDE open"]
[Site "Litomysl, Domov mladeze VOSP a"]
[Date "2019.12.30"]
[Round "7"]
[White "Jedlicka, Ales"]
[Black "Vaval, Aaditi"]
[Result "1-0"]
[WhiteElo "2248"]
[BlackElo "1773"]
[PlyCount "81"]
[EventDate "2019.12.26"]

1. d4 d5 2. c4 e6 3. Nf3 c5 4. cxd5 exd5 5. Nc3 Nc6 6. g3 Nf6 7. Bg2 Be7 8. O-O
O-O 9. dxc5 Bxc5 10. Bg5 d4 11. Ne4 Be7 12. Nxf6+ Bxf6 13. Bxf6 Qxf6 14. b4 d3
15. Qxd3 Nxb4 16. Qd4 Qe7 17. Qe5 Qxe5 18. Nxe5 Re8 19. f4 f6 20. a3 Nc2 21.
Bd5+ Kf8 22. Rab1 Ne3 23. Bxb7 Bxb7 24. Nd7+ Kg8 25. Rxb7 Nxf1 26. Kxf1 Kh8 27.
Nc5 a5 28. e4 Kg8 29. Kf2 Reb8 30. Rd7 Rd8 31. Rb7 Rd6 32. f5 Rd2+ 33. Kf3 Rxh2
34. Ne6 g5 35. e5 Ra2 36. exf6 Rxa3+ 37. Kg4 h5+ 38. Kxh5 Rxg3 39. Kg6 a4 40.
Rg7+ Kh8 41. Rh7+ 1-0

[Event "LITOMYSL OPEN 2019 A - FIDE open"]
[Site "Litomysl, Domov mladeze VOSP a"]
[Date "2019.12.30"]
[Round "7"]
[White "Kosior, Jan"]
[Black "Galvanek, Ladislav"]
[Result "1-0"]
[WhiteElo "1537"]
[BlackElo "1966"]
[PlyCount "47"]
[EventDate "2019.12.26"]

1. c4 e6 2. Nc3 d5 3. d4 c5 4. cxd5 exd5 5. Nf3 Nc6 6. g3 Nf6 7. Bg2 Be7 8. O-O
O-O 9. b3 Re8 10. Bb2 Bg4 11. dxc5 Bxc5 12. Nb5 Qd7 13. a3 Rad8 14. Nbd4 Ne4
15. Nxc6 bxc6 16. b4 Bb6 17. a4 a6 18. Ne5 Rxe5 19. Bxe5 Qa7 20. Bxe4 dxe4 21.
Qc2 Bh3 22. a5 Bc7 23. Bxc7 Qxc7 24. Rfd1 1-0

[Event "LITOMYSL OPEN 2019 A - FIDE open"]
[Site "Litomysl, Domov mladeze VOSP a"]
[Date "2019.12.30"]
[Round "7"]
[White "Madajczak, Piotr"]
[Black "Starosciak, Szymon"]
[Result "1/2-1/2"]
[WhiteElo "1612"]
[BlackElo "1729"]
[PlyCount "49"]
[EventDate "2019.12.26"]

1. c4 Nf6 2. Nc3 e5 3. Nf3 Nc6 4. a3 d5 5. cxd5 Nxd5 6. g3 Nxc3 7. bxc3 Bc5 8.
Bg2 e4 9. Ng1 Qf6 10. e3 Bf5 11. f3 Ne5 12. f4 Nd3+ 13. Kf1 Qa6 14. Ne2 h5 15.
h4 O-O-O 16. Bh3 Bxh3+ 17. Rxh3 Qe6 18. Rh2 Qg4 19. Rb1 Qf3+ 20. Kg1 Bxe3+ 21.
dxe3 Nf2 22. Qf1 Rd1 23. Rxf2 Rxf1+ 24. Kxf1 Qg4 25. Rb4 1/2-1/2

[Event "LITOMYSL OPEN 2019 A - FIDE open"]
[Site "Litomysl, Domov mladeze VOSP a"]
[Date "2019.12.31"]
[Round "8"]
[White "Svanda, Ondrej"]
[Black "Sabol, Marian"]
[Result "1/2-1/2"]
[WhiteElo "2258"]
[BlackElo "2278"]
[PlyCount "62"]
[EventDate "2019.12.26"]

1. e4 c5 2. Nc3 d6 3. Nge2 e5 4. g3 Nc6 5. Bg2 h5 6. h4 Be7 7. Nd5 Be6 8. c3
Nf6 9. O-O Qd7 10. d3 O-O-O 11. Nxe7+ Nxe7 12. d4 Bh3 13. f3 Bxg2 14. Kxg2 Qc7
15. dxe5 dxe5 16. Qa4 Kb8 17. Qc4 Nc8 18. Be3 Nb6 19. Qb5 a6 20. Qb3 Rd3 21.
Kf2 Rhd8 22. Rad1 Rxd1 23. Rxd1 Rxd1 24. Qxd1 c4 25. b4 Qd7 26. Qxd7 Nbxd7 27.
a4 Kc7 28. Ng1 Ne8 29. Nh3 Kd6 30. Ke2 Ke7 31. g4 Nef6 1/2-1/2

[Event "LITOMYSL OPEN 2019 A - FIDE open"]
[Site "Litomysl, Domov mladeze VOSP a"]
[Date "2019.12.31"]
[Round "8"]
[White "Kishan, Gangolli"]
[Black "Rokos, Filip"]
[Result "1/2-1/2"]
[WhiteElo "2078"]
[BlackElo "2003"]
[PlyCount "35"]
[EventDate "2019.12.26"]

1. d4 Nf6 2. c4 e6 3. Nc3 Bb4 4. e3 O-O 5. Bd2 d5 6. Nf3 b6 7. cxd5 exd5 8. Bd3
Bb7 9. Rc1 Be7 10. Ne5 c5 11. O-O Nc6 12. Nxc6 Bxc6 13. dxc5 bxc5 14. b3 Qd7
15. Qe2 Rfd8 16. Bb5 Rac8 17. Rfd1 Qe6 18. Bxc6 1/2-1/2

[Event "LITOMYSL OPEN 2019 A - FIDE open"]
[Site "Litomysl, Domov mladeze VOSP a"]
[Date "2019.12.31"]
[Round "8"]
[White "Tyutyunnikov, Alexey"]
[Black "Jakl, Ales"]
[Result "1-0"]
[WhiteElo "2292"]
[BlackElo "2018"]
[PlyCount "91"]
[EventDate "2019.12.26"]

1. e4 c6 2. d4 d5 3. Nd2 dxe4 4. Nxe4 Nd7 5. Qe2 Ndf6 6. Nf3 Bg4 7. c3 e6 8. h3
Bh5 9. Ng3 Bg6 10. Ne5 Bd6 11. h4 Ne7 12. h5 Bf5 13. h6 g6 14. Bg5 Nfd5 15.
Nxf5 exf5 16. Bd2 Bxe5 17. Qxe5 f6 18. Qe2 O-O 19. O-O-O b5 20. Qe6+ Rf7 21.
Bd3 Nc7 22. Qb3 a5 23. Kb1 Qd6 24. Rh3 Ned5 25. Re1 a4 26. Qc2 Nf4 27. Bxf4
Qxf4 28. g3 Qd6 29. g4 Nd5 30. gxf5 g5 31. a3 Re7 32. Rhh1 Rae8 33. Re6 Rxe6
34. fxe6 Re7 35. Bf5 Nf4 36. Re1 Kh8 37. Bg4 Qd5 38. f3 Kg8 39. Bf5 Kf8 40.
Bxh7 Rxe6 41. Be4 Qb3 42. Qh2 Kg8 43. h7+ Kh8 44. Qh6 f5 45. Qf8+ Kxh7 46. Rh1+
1-0

[Event "LITOMYSL OPEN 2019 A - FIDE open"]
[Site "Litomysl, Domov mladeze VOSP a"]
[Date "2019.12.31"]
[Round "8"]
[White "Khulapov, Vyacheslav"]
[Black "Toman, Jan"]
[Result "1-0"]
[WhiteElo "2065"]
[BlackElo "2091"]
[PlyCount "106"]
[EventDate "2019.12.26"]

1. e4 e6 2. d3 d5 3. Nd2 Nf6 4. Ngf3 Nc6 5. g3 dxe4 6. dxe4 Bc5 7. Bg2 e5 8. h3
O-O 9. O-O Qe7 10. c3 a5 11. Re1 Rd8 12. Qc2 b6 13. Nc4 Ba6 14. Bf1 Qe6 15. Ng5
Qc8 16. Kg2 h6 17. Nf3 Qe6 18. b3 a4 19. Be3 Bxe3 20. Nxe3 Bxf1+ 21. Rxf1 b5
22. Rfd1 a3 23. b4 Rxd1 24. Rxd1 Ne7 25. Rb1 Qc6 26. Nd2 g6 27. f3 Qb6 28. Qd3
c6 29. Nb3 Rd8 30. Qe2 Nc8 31. Nc2 Qa7 32. Rd1 Rxd1 33. Qxd1 Nb6 34. Qd6 Qd7
35. Qxd7 Nfxd7 36. Nxa3 Na4 37. Nb1 Kf8 38. Kf2 Ke7 39. Ke2 Ndb6 40. N3d2 f5
41. Kd3 Kd6 42. Na3 Ke6 43. Kc2 fxe4 44. fxe4 Nc8 45. c4 Nd6 46. Kb3 Nb6 47. c5
Nbc4 48. Naxc4 bxc4+ 49. Kc3 Nc8 50. Kxc4 g5 51. a4 h5 52. b5 g4 53. hxg4 hxg4
1-0

[Event "LITOMYSL OPEN 2019 A - FIDE open"]
[Site "Litomysl, Domov mladeze VOSP a"]
[Date "2019.12.31"]
[Round "8"]
[White "Zerebiec, Maurycy"]
[Black "Tereschenko, Valerij"]
[Result "0-1"]
[WhiteElo "1983"]
[BlackElo "1954"]
[PlyCount "92"]
[EventDate "2019.12.26"]

1. f4 d5 2. Nf3 c5 3. e3 Nf6 4. d4 Nc6 5. c3 cxd4 6. exd4 g6 7. Bd3 Bg7 8. O-O
Bf5 9. Be3 O-O 10. Bxf5 gxf5 11. Nbd2 Ne4 12. Kh1 e6 13. Rg1 Kh8 14. Qe2 Qe7
15. g4 fxg4 16. Rxg4 f5 17. Rg2 Bf6 18. Rag1 Rg8 19. Ne5 Rxg2 20. Qxg2 Nxd2 21.
Bxd2 Nxe5 22. fxe5 Bg7 23. Bg5 Qf7 24. Qh3 b5 25. Qh4 Rg8 26. Kg2 a5 27. Kf3 b4
28. cxb4 axb4 29. Rg3 Ra8 30. Kf4 Qa7 31. Ke3 f4+ 32. Bxf4 Qxa2 33. Bh6 Qb3+
34. Kf4 Rf8+ 35. Kg5 Rf5+ 36. Kg4 Qd1+ 37. Kh3 Qf1+ 38. Kg4 Bxh6 39. Qxh6 Qe2+
40. Kh4 Qxh2+ 41. Rh3 Qf2+ 42. Rg3 Qh2+ 43. Rh3 Qf2+ 44. Rg3 Qxd4+ 45. Kh3 Qxe5
46. Kg2 Qe2+ 0-1

[Event "LITOMYSL OPEN 2019 A - FIDE open"]
[Site "Litomysl, Domov mladeze VOSP a"]
[Date "2019.12.31"]
[Round "8"]
[White "Kosior, Jan"]
[Black "Svanda, Adam"]
[Result "1/2-1/2"]
[WhiteElo "1537"]
[BlackElo "1777"]
[PlyCount "81"]
[EventDate "2019.12.26"]

1. e4 d5 2. exd5 Qxd5 3. Nc3 Qd6 4. d4 Nf6 5. Nf3 c6 6. g3 Bg4 7. Bg2 e6 8. Bf4
Qd8 9. O-O Bd6 10. Bxd6 Qxd6 11. Qd2 O-O 12. Rfe1 Nbd7 13. h3 Bh5 14. g4 Bg6
15. Rad1 h6 16. Ne5 Bh7 17. Nxd7 Qxd7 18. Ne4 Qe7 19. Nxf6+ Qxf6 20. Be4 Rad8
21. Bxh7+ Kxh7 22. Qe3 Rd7 23. Qe5 Qg6 24. c3 Rfd8 25. Re2 Rd5 26. Qe4 Qxe4 27.
Rxe4 e5 28. f4 f6 29. Kf2 c5 30. Ke3 Kg6 31. Rd3 exd4+ 32. cxd4 h5 33. Rb3
cxd4+ 34. Kd3 hxg4 35. hxg4 R8d7 36. Rb4 f5 37. Re6+ Kf7 38. gxf5 Rxf5 39. Re4
g5 40. fxg5 Rxg5 41. Rexd4 1/2-1/2

[Event "LITOMYSL OPEN 2019 A - FIDE open"]
[Site "Litomysl, Domov mladeze VOSP a"]
[Date "2019.12.31"]
[Round "8"]
[White "Choksi, Khushi"]
[Black "Houska, Bronislav"]
[Result "1/2-1/2"]
[WhiteElo "1651"]
[BlackElo "1989"]
[Annotator "Stanice"]
[PlyCount "110"]
[EventDate "2019.12.26"]

1. d4 d6 2. Nf3 g6 3. e4 Nf6 4. Nc3 Bg7 5. Be3 O-O 6. Qd2 c6 7. Bh6 Qa5 8. Bxg7
Kxg7 9. h3 e5 10. dxe5 dxe5 11. Bc4 Nbd7 12. Qe3 Qb4 13. Bb3 Nc5 14. O-O Re8
15. Rfd1 Be6 16. a3 Qa5 17. Bxe6 Nxe6 18. b4 Qc7 19. Ne2 Nh5 20. c4 Nhf4 21.
Nxf4 Nxf4 22. Rd2 f6 23. Rad1 Re7 24. Rd6 Qb6 25. Qb3 $11 a5 26. Rd7 Rae8 27.
Kf1 axb4 28. axb4 Qa6 29. Kg1 Qa8 30. Kh2 Qc8 31. R7d2 g5 32. Ng1 h5 33. g3 Ne6
34. Ne2 Qc7 35. Kg2 Rd8 36. Rxd8 Nxd8 37. Qd3 Ne6 38. c5 Nf8 39. Qf3 Rd7 40.
Nc3 Rxd1 41. Qxd1 Qd7 42. Qxd7+ Nxd7 43. Kf3 Nb8 44. Ke3 Na6 45. Na2 Kf7 46.
Kd3 Ke6 47. Kc4 Nc7 48. Nc3 Kd7 49. f3 Ne6 50. Ne2 Kc7 51. b5 Kd7 52. b6 $11
Ke8 53. g4 h4 54. Kb4 Ke7 55. Kc4 Kd7 1/2-1/2

[Event "LITOMYSL OPEN 2019 A - FIDE open"]
[Site "Litomysl, Domov mladeze VOSP a"]
[Date "2019.12.31"]
[Round "8"]
[White "Macek, Ondrej"]
[Black "Madajczak, Piotr"]
[Result "1/2-1/2"]
[WhiteElo "1934"]
[BlackElo "1612"]
[PlyCount "139"]
[EventDate "2019.12.26"]

1. c4 f5 2. Nc3 Nf6 3. d4 d6 4. d5 g6 5. Nf3 Bg7 6. g3 O-O 7. Bg2 a5 8. O-O Na6
9. Be3 Bd7 10. Rc1 c6 11. b3 Rc8 12. Qd2 cxd5 13. Nxd5 Ne4 14. Qd1 Nac5 15. Nd2
Nxd2 16. Qxd2 Bc6 17. Bd4 e5 18. Bb2 g5 19. e3 Re8 20. Qc2 e4 21. Bxg7 Kxg7 22.
Qc3+ Kf7 23. Qd4 Re6 24. f3 Kg6 25. g4 fxg4 26. fxg4 Qh8 27. Ne7+ Rxe7 28.
Qxd6+ Re6 29. Qxc5 Qe5 30. Qxe5 Rxe5 31. Rcd1 b5 32. Rd4 bxc4 33. Rxc4 Bb7 34.
Rxc8 Bxc8 35. h3 Ba6 36. Rc1 Bd3 37. Bf1 Rd5 38. Rd1 Rc5 39. Bxd3 exd3 40. Rxd3
Rc1+ 41. Kf2 Rc2+ 42. Kf3 Rxa2 43. Rd5 a4 44. bxa4 Rxa4 45. Rd6+ Kg7 46. Kg3
Ra3 47. Re6 Kf7 48. Re5 Kf6 49. Rf5+ Kg6 50. Rf3 Ra4 51. Rf5 Ra3 52. Re5 Kf6
53. Re8 Kf7 54. Re4 Kf6 55. h4 gxh4+ 56. Kxh4 Ra1 57. Rf4+ Kg6 58. Kg3 h5 59.
gxh5+ Kxh5 60. Rb4 Kg5 61. Rb5+ Kf6 62. Kf4 Ke6 63. Rb6+ Ke7 64. e4 Ra5 65. Rc6
Rb5 66. Ke3 Ra5 67. Rb6 Rc5 68. Kd4 Rh5 69. Rg6 Ra5 70. e5 1/2-1/2

[Event "LITOMYSL OPEN 2019 A - FIDE open"]
[Site "Litomysl, Domov mladeze VOSP a"]
[Date "2019.12.31"]
[Round "8"]
[White "Brozka, Karel"]
[Black "Krzyzosiak, Marta"]
[Result "1-0"]
[WhiteElo "1918"]
[BlackElo "1578"]
[PlyCount "119"]
[EventDate "2019.12.26"]

1. d4 Nf6 2. Nf3 g6 3. g3 Bg7 4. Bg2 d6 5. c4 O-O 6. O-O c5 7. Nc3 Nbd7 8. e4
cxd4 9. Nxd4 Ne5 10. b3 a6 11. Bb2 Qc7 12. Rc1 Rb8 13. Nd5 Qd7 14. f4 Nc6 15.
Nxc6 bxc6 16. Nxf6+ Bxf6 17. Bxf6 exf6 18. Qd4 Qe7 19. Rfd1 Rd8 20. c5 d5 21.
exd5 cxd5 22. Re1 Be6 23. f5 gxf5 24. Bh3 f4 25. gxf4 Qf8 26. Rc3 h6 27. Bxe6
fxe6 28. Rxe6 Re8 29. Qxf6 Qxf6 30. Rxf6 Re2 31. Rg3+ Kh7 32. Rg2 Re4 33. Rd2
d4 34. c6 Rc8 35. f5 Rf4 36. h3 Kg7 37. Rd6 Rxf5 38. R2xd4 Rc5 39. Rc4 Rxc4 40.
bxc4 h5 41. Kf2 Kf7 42. Kg3 Ke7 43. c5 Rg8+ 44. Kh4 Rf8 45. Kg5 a5 46. a4 h4
47. Kxh4 Rf5 48. Kg4 Rxc5 49. Rg6 Rc4+ 50. Kg5 Rxa4 51. h4 Ra2 52. h5 a4 53. h6
Rg2+ 54. Kf5 Rh2 55. Rg7+ Kd8 56. h7 a3 57. Rg8+ Kc7 58. h8=Q Rxh8 59. Rxh8 a2
60. Ra8 1-0

[Event "LITOMYSL OPEN 2019 A - FIDE open"]
[Site "Litomysl, Domov mladeze VOSP a"]
[Date "2020.01.01"]
[Round "9"]
[White "Khulapov, Vyacheslav"]
[Black "Kishan, Gangolli"]
[Result "1/2-1/2"]
[WhiteElo "2065"]
[BlackElo "2078"]
[PlyCount "50"]
[EventDate "2019.12.26"]

1. Nf3 d5 2. g3 c6 3. Bg2 Bg4 4. O-O Nd7 5. h3 Bh5 6. d3 e6 7. Nbd2 Bd6 8. e4
Ne7 9. Qe1 O-O 10. Nh4 Qc7 11. Nb3 Ng6 12. Nxg6 Bxg6 13. f4 f6 14. Be3 Rfe8 15.
Qf2 Bf7 16. Rac1 e5 17. exd5 cxd5 18. fxe5 Bxe5 19. Bf4 Qb6 20. Qxb6 Nxb6 21.
c3 Bxf4 22. Rxf4 Re2 23. Rf2 Re3 24. Rf3 Re2 25. Rf2 Re3 1/2-1/2

[Event "LITOMYSL OPEN 2019 A - FIDE open"]
[Site "Litomysl, Domov mladeze VOSP a"]
[Date "2020.01.01"]
[Round "9"]
[White "Sabol, Marian"]
[Black "Rokos, Filip"]
[Result "1/2-1/2"]
[WhiteElo "2278"]
[BlackElo "2003"]
[PlyCount "60"]
[EventDate "2019.12.26"]

1. d4 Nf6 2. Bg5 e6 3. e4 Be7 4. Bd3 d5 5. e5 Ng8 6. Bxe7 Nxe7 7. Nf3 c5 8.
dxc5 Nd7 9. Nc3 Nxc5 10. Nb5 Qa5+ 11. c3 Ne4 12. Nbd4 Bd7 13. Qe2 Nc5 14. Bc2
Na4 15. Bb3 Rc8 16. O-O b5 17. a3 Ng6 18. g3 Nc5 19. Bc2 Qb6 20. h4 Ne7 21.
Rfe1 h6 22. Qd2 f5 23. exf6 gxf6 24. Qf4 Rf8 25. Qxh6 e5 26. Nf5 Bxf5 27. Bxf5
Nxf5 28. Qh5+ Ke7 29. Qxf5 Ne4 30. Rxe4 dxe4 1/2-1/2

[Event "LITOMYSL OPEN 2019 A - FIDE open"]
[Site "Litomysl, Domov mladeze VOSP a"]
[Date "2020.01.01"]
[Round "9"]
[White "Tereschenko, Valerij"]
[Black "Chudinovskikh, Alexander M"]
[Result "1-0"]
[WhiteElo "1954"]
[BlackElo "2157"]
[PlyCount "41"]
[EventDate "2019.12.26"]

1. d4 c5 2. e3 e6 3. Nf3 Nf6 4. Bd3 b6 5. Nbd2 Bb7 6. O-O Be7 7. b3 O-O 8. Bb2
Nc6 9. c4 d5 10. Ne5 Nxe5 11. dxe5 Nd7 12. cxd5 Bxd5 13. f4 g6 14. Qe2 f6 15.
e4 Bb7 16. Bc4 Kh8 17. Bxe6 fxe5 18. Nc4 Nf6 19. Nxe5 Qc7 20. Nd7 Rac8 21. Nxf6
1-0